| 000 | 00361nam a2200145Ia 4500 | ||
|---|---|---|---|
| 005 | 20251222151305.0 | ||
| 008 | 251222s9999||||xx |||||||||||||| ||spa|| | ||
| 020 | _a848680535X | ||
| 082 | _a330.946/R75 | ||
| 100 | _aRodríguez Fernández, Carlos | ||
| 245 | 0 | _aCómo crear una Empresa | |
| 250 | _a1ra.ed. | ||
| 264 | _bActualidad Económica | ||
| 942 | _cLIB | ||
| 999 |
_c23124 _d23124 |
||